Toutes les Grünt - Statistiques

Statistiques générales
  • Ce quiz a été pris 23 fois
    5 depuis la dernière actualisation
  • Le résultat moyen est 22 sur 73
Statistiques - réponses
Numéro Grünt % Correct
#73 PLK
100%
#71 JeanJass
80%
#67 LEDOUBLE
80%
#68 Mairo
80%
#72 Rim'k
80%
#18 75e Session
60%
#4 Alpha Wann
60%
#33 Caballero
60%
#50 H JeuneCrack
60%
#55 ISHA
60%
#66 Jolagreen23
60%
#1 Keroué
60%
#43 La Fève
60%
#54 Lesram
60%
#42 Limsa d'Aulnay
60%
#45 Luv Resval
60%
#25 Nekfeu
60%
#52 NeS
60%
#70 TH
60%
#57 Wallace Cleaver
60%
#60 BU$HI
40%
#49 Caballero & JeanJass
40%
#63 Chilly Gonzales
40%
#28 Jazzy Bazz
40%
#26 Josman
40%
#7 Les Sages Poètes de la Rue
40%
#27 LTF
40%
#48 Prince Waly
40%
#56 Rounhaa
40%
#34 Zamdane
40%
#65 Zamdane
40%
#12 5 MAJEUR
20%
#41 Abidjan
20%
#15 Alpha Wann & Papoose
20%
#10 ARKANSON
20%
#40 Bamako
20%
#38 Bekar
20%
#59 Bekar
20%
#3 BPM
20%
#69 EDGE
20%
#6 Espiiem
20%
#11 Georgio & Hologram Lo'
20%
#64 Infini't x Veust
20%
#58 Lala &ce
20%
#8 Lomepal x Caballero
20%
#32 L'Ordre Du Périph
20%
#62 Loud
20%
#29 Loud Lary Ajust
20%
#61 Meryl
20%
#9 Naïad
20%
#20 Panama Bende
20%
#53 Saboteur
20%
#46 Slimka
20%
#47 Tedax Max
20%
#14 Walter
20%
#24 13 Sarkastick
0%
#2 Areno Jaz
0%
#19 Beny
0%
#17 Big Budha Cheez
0%
#23 Bon Gamin
0%
#39 Casablanca
0%
#30 Dead Obies
0%
#31 Eden Dillinger
0%
#44 Frenetik
0%
#5 Futur Proche
0%
#51 Lagos
0%
#21 La Mannschaft & Skaho
0%
#16 Rejjie Snow
0%
#13 Sëar lui-même & Pand'or L'Indis
0%
#35 Sopico
0%
#36 Tengo John
0%
#22 Veerus
0%
#37 Venlo
0%
Aucun quiz correspondant
Distribution des résultats
% des personnes avec chaque résultat
Percentile par nombre de réponses
Votre historique - résultats
Vous n’avez pas pris ce quiz depuis la dernière actualisation